Entry Personal Name
Number of records used in: 1
001 - CONTROL NUMBER
003 - CONTROL NUMBER IDENTIFIER
005 - DATE AND TIME OF LATEST TRANSACTION
- control field:
20231009143837.0
008 - FIXED-LENGTH DATA ELEMENTS
- fixed length control field:
870127|| anannbabn |n aaa
010 ## - LIBRARY OF CONGRESS CONTROL NUMBER
- LC control number:
sh 87000412
040 ## - CATALOGING SOURCE
- Original cataloging agency:
DLC
- Transcribing agency:
DLC
100 0# - HEADING--PERSONAL NAME
- Personal name:
Ngũgĩ wa Thiongʼo,
- Dates associated with a name:
1938-
- General subdivision:
Characters